00629pab a2200169 454500008004000000100002200040245013500062260000900197300001500206362001200221650002600233650001600259773005100275909001000326999001700336952010600353180718b1997 xxu||||| |||| 00| 0 eng d aCatron, Bayard L. aA response to Kathryn G. Denhardt: the dichotomy is alive and well: responsibility, ethics, and professionalism in the bureaucracy c1997 ap.1117-118 aApr-May aPublic administration aBureaucracy aInternational Journal of Public Administration a34157 c34157d34157 00104070aIIPAbIIPAd2018-07-19hVolume no: 20, Issue no: 4-5pAR34387r2018-07-19w2018-07-19yAR